[Event "Bethune op 24th"]
[Site "Bethune"]
[Date "2003.12.27"]
[Round "3"]
[White "De Wachter, Matthias"]
[Black "Swiercz, Kevin"]
[Result "1-0"]
[WhiteElo "2266"]
[BlackElo "2042"]
[PlyCount "81"]
[EventDate "2003.12.26"]
[EventType "swiss"]
[EventRounds "9"]
[EventCountry "FRA"]
[SourceTitle "CBM 098 Extra"]
[Source "ChessBase"]
[SourceDate "2004.03.10"]
[SourceVersion "2"]
[SourceVersionDate "2004.03.10"]
[SourceQuality "1"]

1. Nf3 d5 2. d4 Nf6 3. c4 c6 4. Nc3 dxc4 5. a4 Bf5 6. Nh4 Bg4 7. h3 Bh5 8. g4 Bg6 9. Nxg6 hxg6 10. e3 e6 11. Bxc4 Qc7 12. Qf3 Nbd7 13. Kf1 a6 14. Kg2 c5 15. Ba2 Bd6 16. Bd2 cxd4 17. exd4 0-0 18. Be3 Rac8 19. h4 Qc6 20. g5 Qxf3+ 21. Kxf3 Nh5 22. Rac1 Kh8 23. Ne4 Bb4 24. Rxc8 Rxc8 25. Rc1 Rxc1 26. Bxc1 Nb6 27. Bb3 Kg8 28. Nc5 Bxc5 29. dxc5 Nd7 30. Be3 Ne5+ 31. Ke4 Nc6 32. Kd3 Kf8 33. Kc3 Ke7 34. Bd1 f6 35. Bf3 Nd8 36. b4 Kd7 37. b5 axb5 38. axb5 Kc7 39. Kb4 e5 40. Bd5 f5 41. Kc4 1-0

[Event "Charleroi op 2nd"]
[Site "Charleroi"]
[Date "2003.08.23"]
[Round "1.30"]
[White "Swiercz, Kevin"]
[Black "Werpin, Ludovic"]
[Result "1-0"]
[WhiteElo "2037"]
[BlackElo "1512"]
[PlyCount "31"]
[EventDate "2003.08.23"]
[EventType "swiss"]
[EventRounds "9"]
[EventCountry "BEL"]
[SourceTitle "EXT 2004"]
[Source "ChessBase"]
[SourceDate "2003.11.25"]
[SourceVersion "1"]
[SourceVersionDate "2003.11.25"]
[SourceQuality "1"]

1. e4 d6 2. d4 g6 3. Nc3 Bg7 4. Be3 Nf6 5. f3 Nbd7 6. Bc4 0-0 7. Qd2 a5 8. g4 Nb6 9. Bd3 d5 10. e5 Nfd7 11. h4 Nc4 12. Bxc4 dxc4 13. h5 c6 14. hxg6 fxg6 15. Bh6 Qb6 16. Bxg7 1-0

[Event "La Fere op 2nd"]
[Site "La Fere"]
[Date "2003.06.29"]
[Round "2"]
[White "Clery, Nicolas"]
[Black "Swiercz, Kevin"]
[Result "1-0"]
[WhiteElo "2347"]
[BlackElo "2026"]
[PlyCount "97"]
[EventDate "2003.06.28"]
[EventType "swiss"]
[EventRounds "9"]
[EventCountry "FRA"]
[SourceTitle "EXT 2004"]
[Source "ChessBase"]
[SourceDate "2003.11.25"]
[SourceVersion "1"]
[SourceVersionDate "2003.11.25"]
[SourceQuality "1"]

1. d4 d5 2. c4 c6 3. Nf3 Nf6 4. e3 Bf5 5. Nc3 e6 6. Bd3 Bxd3 7. Qxd3 dxc4 8. Qxc4 Nbd7 9. 0-0 Be7 10. Rd1 0-0 11. e4 Rc8 12. h3 b5 13. Qe2 b4 14. Na4 Qa5 15. b3 Nb6 16. Nxb6 axb6 17. Ne5 Rfd8 18. Bb2 Nd7 19. Nc4 Qa6 20. d5 cxd5 21. exd5 Nc5 22. Qg4 Bf8 23. Ne3 exd5 24. Nxd5 Ne6 25. Rd2 Rxd5 26. Rxd5 Rc2 27. Be5 Rxa2 28. Rad1 Qe2 29. Qg3 Ra5 30. Bd6 Rxd5 31. Rxd5 Qe4 32. Rd3 Bxd6 33. Rxd6 h6 34. Qe3 Qxe3 35. fxe3 Nc5 36. Rxb6 Nxb3 37. Rxb4 Nc5 38. Rb8+ Kh7 39. Kf2 Kg6 40. Kf3 f6 41. Ra8 Ne6 42. Ke4 Kg5 43. Ra7 Kg6 44. Kd5 Nd8 45. Kd6 Nf7+ 46. Ke7 Ng5 47. h4 Nh7 48. e4 h5 49. Ra6 1-0

[Event "Bethune op-A 23th"]
[Site "Bethune"]
[Date "2002.12.26"]
[Round "1"]
[White "Swiercz, Kevin"]
[Black "Luberti, Wim"]
[Result "0-1"]
[WhiteElo "2017"]
[BlackElo "2168"]
[PlyCount "44"]
[EventDate "2002.12.26"]
[EventType "swiss"]
[EventRounds "7"]
[EventCountry "FRA"]
[SourceTitle "CBM 091 Extra"]
[Source "ChessBase"]
[SourceDate "2003.01.09"]
[SourceVersion "1"]
[SourceVersionDate "2003.01.09"]
[SourceQuality "1"]

1. e4 g6 2. d4 c6 3. Nc3 Bg7 4. Be3 d5 5. e5 f6 6. f4 Nh6 7. h3 Nf5 8. Bf2 h5 9. Nf3 Qb6 10. Na4 Qc7 11. Bd3 Nd7 12. b4 Nf8 13. Rg1 a5 14. a3 h4 15. Bxf5 Bxf5 16. Nxh4 Be4 17. Nc5 Qc8 18. c3 Bh6 19. Nxe4 dxe4 20. Nxg6 Nxg6 21. Qh5 Kf7 22. f5 Bd2+ 0-1

[Event "Bethune-B"]
[Site "Bethune"]
[Date "2002.07.10"]
[Round "5.8"]
[White "Depoorter, Enguerran"]
[Black "Swiercz, Kevin"]
[Result "1/2-1/2"]
[WhiteElo "2052"]
[BlackElo "2017"]
[PlyCount "80"]
[EventDate "2002.07.06"]
[EventType "tourn"]
[EventRounds "9"]
[EventCountry "FRA"]
[SourceTitle "EXT 2005"]
[Source "ChessBase"]
[SourceDate "2004.11.15"]
[SourceVersion "1"]
[SourceVersionDate "2004.11.15"]
[SourceQuality "1"]

1. d4 d5 2. c4 c6 3. Nf3 Nf6 4. Nc3 dxc4 5. a4 Bf5 6. e3 e6 7. Bxc4 Bb4 8. 0-0 0-0 9. Qe2 Nbd7 10. Rd1 Ne4 11. Nxe4 Bxe4 12. Nd2 Bg6 13. Nb3 Qe7 14. e4 Nb6 15. Bd3 a5 16. Be3 Nd7 17. Rac1 e5 18. f3 exd4 19. Nxd4 Nc5 20. b3 Nxd3 21. Rxd3 f5 22. exf5 Bxf5 23. Nxf5 Rxf5 24. Rcd1 Re8 25. Qf2 Re5 26. Bd4 Re2 27. Qg3 Be1 28. Qg4 c5 29. Bc3 Bxc3 30. Qc4+ Kh8 31. Qxc3 Qg5 32. g3 Qh5 33. h4 Qg6 34. f4 Qe4 35. Rf3 h6 36. Qd3 Re1+ 37. Rxe1 Qxe1+ 38. Qf1 Qb4 39. Qd3 Qe1+ 40. Qf1 Qb4 1/2-1/2

[Event "Bethune-C"]
[Site "Bethune"]
[Date "2001.??.??"]
[Round "?"]
[White "Swiercz, Sandra"]
[Black "Swiercz, Kevin"]
[Result "0-1"]
[WhiteElo "1670"]
[BlackElo "1710"]
[PlyCount "90"]
[EventDate "2001.??.??"]
[EventType "tourn"]
[EventRounds "9"]
[EventCountry "FRA"]
[SourceTitle "EXT 2003"]
[Source "ChessBase"]
[SourceDate "2002.11.25"]
[SourceVersion "1"]
[SourceVersionDate "2002.11.25"]
[SourceQuality "1"]

1. e4 e5 2. Nc3 Nf6 3. Bc4 Bc5 4. d3 d6 5. Na4 Nc6 6. Nxc5 dxc5 7. a3 Bg4 8. Ne2 Nd4 9. f3 Bh5 10. 0-0 0-0 11. Rb1 b5 12. Ba2 a5 13. c3 Nxe2+ 14. Qxe2 c6 15. Qc2 Qb6 16. Be3 a4 17. f4 Ng4 18. Qd2 Nxe3 19. Qxe3 exf4 20. Rxf4 Bg6 21. Rg4 Rab8 22. Rg5 b4 23. Qxc5 b3 24. Bxb3 axb3 25. Qxb6 Rxb6 26. Rd1 Rd8 27. Rg3 Bxe4 28. Re3 Bg6 29. Kf2 Kf8 30. Ke1 c5 31. d4 c4 32. h3 Re8 33. Rxe8+ Kxe8 34. d5 Bd3 35. a4 Rf6 36. a5 Rf1+ 37. Kd2 Rxd1+ 38. Kxd1 Be4 39. g3 Bxd5 40. Kd2 Ke7 41. Ke3 Kd6 42. Kd4 Be6 43. a6 Kc6 44. a7 Kb7 45. Kc5 Kxa7 0-1